TRUCK MAINTENANCE MANUAL MODELS 1000 THRU 5000 (Record no. 584800)
[ view plain ]
| 000 -LEADER | |
|---|---|
| fixed length control field | 00249nam a22001097a 4500 |
| 082 ## - DEWEY DECIMAL CLASSIFICATION NUMBER | |
| Classification number | 629.224 GMC'T |
| 100 ## - MAIN ENTRY--PERSONAL NAME | |
| Personal name | GMC |
| 9 (RLIN) | 79808 |
| 245 ## - TITLE STATEMENT | |
| Title | TRUCK MAINTENANCE MANUAL MODELS 1000 THRU 5000 |
| 260 ## - PUBLICATION, DISTRIBUTION, ETC. | |
| Place of publication, distribution, etc. | USA |
| Name of publisher, distributor, etc. | GMC |
| Date of publication, distribution, etc. | 1965 |
| 300 ## - PHYSICAL DESCRIPTION | |
| Extent | 1120P |
| 942 ## - ADDED ENTRY ELEMENTS (KOHA) | |
| Koha item type | Book |
| Withdrawn status | Lost status | Damaged status | Not for loan | Permanent Location | Current Location | Shelving location | Date acquired | Total Checkouts | Full call number | Barcode | Date last seen | Price effective from | Koha item type |
|---|---|---|---|---|---|---|---|---|---|---|---|---|---|
| College of Electrical & Mechanical Engineering (CEME) | College of Electrical & Mechanical Engineering (CEME) | General Stacks | 07/05/2017 | 629.224 GMC'T | CEME-6236 | 06/28/2021 | 06/28/2021 | Book |
